| 000 | 00998nam0a22002651 4500 | ||
|---|---|---|---|
| 001 | v19\rc\1279438 | ||
| 005 | 20250618010457.0 | ||
| 035 | _a(NLR Aleph) 004430137 | ||
| 090 |
_a4255741 _c4255741 |
||
| 100 | _a20060306d1831 |||y0rusy50 ca | ||
| 101 | 0 | _arus | |
| 102 | _aRU | ||
| 105 | _ay z ||||| | ||
| 200 | 1 | _aНовые разговоры французские, немецкие и российские, разделенные на 124 урока; в пользу юношества и всех, начинающих обучаться сим языкам, изданные Яковом Лангеным | |
| 210 |
_aСанкт-Петербург _cтип. Плюшара _d1831 |
||
| 215 |
_a[4], 291 с. _d23 |
||
| 700 | 1 |
_aЛанген _bЯ.К. _gЯков Карлович _4650 |
|
| 801 | 0 |
_aRU _bNLR _gpsbo |
|
| 801 | 0 |
_aRU _bRuMoRGB _2psbo |
|
| 801 | 1 |
_aRU _bProSoft-M _2rusmarc |
|
| 852 |
_aNLR _j18.78.3.57 |
||
| 899 | _aБАН | ||
| 899 | _aНБ СПбГУ | ||
| 942 | _cBOOK | ||
| 980 | _aNB | ||